HLP - Statistiques

Statistiques générales
  • Ce quiz a été pris 52 fois
  • Le résultat moyen est 36 sur 166
Statistiques - réponses
Hint Réponse % Correct
Faire un portrait de soi-même, on appelle cela un... Autoportrait
86%
Quel Philosophe des Lumières préconise de se rendre "maîtres et possesseurs de la nature" ? | Quel philosophe a écrit cette phrase : "Je pense donc je suis" Descartes
79%
Freud divise une personne en trois entités distinctes : Moi
76%
Surmoi
76%
ça
72%
Éducation idéale selon Rabelais, qu'il transpose sur un personnage singulier appelé... Gargantua
72%
Auteur des Essais, dans lesquels il prévoit une préface intitulée "Au lecteur" où il annonce à celui-ci son projet : faire un portrait écrit de lui-même. Montaigne
69%
Oeuvre de Jean-Jacques Rousseau où il préconise une éducation liée à l'expérience et non à l'apprentissage dès le plus jeune âge. Emile, ou De l'Education
59%
Roman de Stendhal dans lequel le père de Julien l'empêche de lire et rejette son imagination. Le Rouge et le Noir
59%
Quel peintre a réalisé 43 autoportraits, notamment Autoportrait à l'oreille bandée ? Van Gogh
59%
Oeuvre dans laquelle Meursault apparait chez Camus. L'Etranger
55%
Quel poème de Baudelaire utilise un animal comme allégorie de sa création, dans lequel il montre la nécessité de se laisser guider par autrui ? Le Chat
52%
Quelle figure de style est utilisée lorsque deux mots aux sens contraires sont côtes à côtes ? Oxymore
52%
Force qui fonctionne comme un miroir de l'âme, surtout dans la littérature romantique. Nature
48%
Auteur de Discours sur l'origine et les fondements de l'inégalité entre les hommes. Rousseau
48%
... les juifs ? Souris
48%
Par quel animal sont représentés les nazis ? Chat
45%
Qu'offre Prométhée aux Hommes, qui va leur permettre le progrès, la technique ? Feu
45%
Personnage shakespearien doté d'une sensibilité accrue qui le tiraille entre action et réflexion, car son devoir le pousse à venger son père. Hamlet
45%
Auteur qui critique des précepteurs qui utilisent la poésie d'Horace comme instrument de torture pour les élèves dans Les Contemplations. Hugo
45%
Cette maladie est également présente dans une oeuvre d'Albert Camus La Peste
45%
Autofiction dans laquelle l'auteur Gael Faye raconte le génocide des Tutsi au Rwanda et au Burundi. Petit Pays
45%
Tenter de se comprendre par l'écriture en dressant un portrait complet de soi est un précurseur d'une discipline fondée par Sigmund Freud, laquelle ? Psychanalyse
45%
Quel Dieu s'oppose à cela ? Zeus
45%
Quel ancien président français écrit Mémoires de Guerre ? De Gaulle
41%
Comment nomme-t-on un autre type de récit qui raconte une personne à partir d'évènements historiques ? Mémoires
41%
Quel dramaturge français crée dans ses pièces des personnages alimentés par l'Hybris, tels que Harpagon ou Arnolphe ? Molière
41%
Quel personnage mythologique se venge de la mort de Patrocle en tuant Hector et en mutilant son corps, accroché à un char ? Achille
38%
Personnage fictionnel qui vit à travers son imaginaire et ses lectures chevaleresques, dont la mission est de parcourir l'Espagne. Don Quichotte
38%
Quelle philosophe est théoricienne de la banalité du mal ? | Qui est la théoricienne de l'infinitude de l'action ? Hannah Arendt
38%
Quel film de Spielberg lié à la Shoah ne montre qu'une seule image en couleur : la petite fille au manteau rouge ? La liste de Schindler
38%
Quelle oeuvre de George Perec est une autobiographie qui témoigne du vide laissé par l'extermination ? W ou le souvenir d'enfance
38%
Nationalité de cet auteur Allemand
34%
Quel terme est un néologisme d'autobiographie et de fiction ? Autofiction
34%
Quel est le peintre du tableau Le voyageur contemplant une mer de nuage, peint en 1818 ? Caspar David Friedrich
31%
Naturelle
31%
Il interrompt parfois son histoire par des micro-récits relatant d'une épidémie mortelle, laquelle ? Peste
31%
Quel évènement déclenché par Dieu survient dans la Génèse, où ce dernier punit les hommes de leurs péchés. Déluge
28%
Quel roman de Zola décrit le train et le progrès technique par une déshumanisation à travers les yeux du personnage de Tante Phasie ? La bête humaine
28%
Quel est le titre du film de Begnini où un homme fait croire à son fils que les camps sont un jeu ? La vie est belle
28%
Dans quel oeuvre Rousseau fait-il une autobiographie des 53 premières années de sa vie ? Les Confessions
28%
Quel autre auteur italien rédige un témoignage fondateur de l'expérience concentrationnaire en 1947 ? Primo Levi
28%
Que signifie Shoah en hébreu ? Catastrophe
24%
... les polonais ? Cochon
24%
Quel mot grec signifie la démesure, le sentiment violent inspiré par la passion et l'orgueil ? hybris
24%
Quelle épopée de la Grèce Antique contant la Guerre de Troie est attribuée à Homère ? Iliade
24%
De quelle œuvre de Kafka peut-on rapprocher cette rationalité administrative, industrielle des camps, où l'on est déporté sans savoir pourquoi ? Le Procès
24%
Quel est le titre de celles qu'écrit Chateaubriand ? Mémoires d'outre-tombe
24%
Film d'animation du réalisateur Hayao Miyazaki, où les humains comprennent qu'ils ne doivent plus combattre la nature mais entrer en relation avec son âme Princesse Mononoke
24%
Quel est le titre de cette oeuvre ? Si c'est un Homme
24%
Les compagnons d'Ulysse, bien que prévenus par Tirésias et Circé, consomment ce qui appartient au dieu Soleil. Qu'est-ce ? Boeufs sacrés
21%
Film de David Lynch dans lequel un personnage déformé physiquement voit sa sensibilité détruite par le regard d'autrui. Elephant Man
21%
Auteur de cette oeuvre Flaubert
21%
Quelle oeuvre de Marguerite Duras évoque la catastrophe d'Hiroshima ? Hiroshima mon amour
21%
Annie Ernaux écrit en 1983 une oeuvre que l'on peut qualifier d'ethnotexte. Comment s'appelle-t-elle ? La Place
21%
Oeuvre dans laquelle Emma fait naître sa sensibilité dans des lectures sentimentales et romantiques en rupture avec son existence monotone. Mme Bovary
21%
Personnage d'une extrême sensibilité et mélancolie, incarnant le mal du siècle chez Chateaubriand, et vouant aux ouragans les tempêtes de son coeur. René
21%
Quel roman de Maylis de Kerangal suit le parcours d'un coeur greffé ? Réparer les vivants
21%
En quelle année ? 1917
17%
En quelle année ? 1984
17%
En quelle année ? | En quelle année sort-il ? 1997
17%
Quelle est sa date de sortie ? 2016
17%
Un philosophe partage aussi cette idée selon laquelle la conscience est un flux continu : Bergson
17%
Peintre d'Autoportrait aux sept doigts Chagall
17%
Quel réalisateur rejoint-il dans le refus de la fictionalisation de la guerre ? Claude Lanzmann
17%
Qui est le réalisateur du film Apocalypse Now ? Coppola
17%
Cubisme
17%
Les cinq influences artistiques de l'époque qui l'ont influencé Dadaïsme
17%
Ce même mot dans une version roumaine. Dor
17%
Après réflexion, il corrige sa phrase : "Je sais que je suis, mais..." Je ne sais pas encore qui je suis
17%
Quelle oeuvre de Marguerite Duras peut être nommée ainsi ? L'Amant
17%
Quel oeuvre peut-on y associer, où un baleinier traque un cachalot blanc à travers le monde entier en oubliant ses limites physiques ? Moby Dick
17%
Quel auteur fait une définition de l'autobiographie et invente le concept d'un pacte autobiographique entre le lecteur et l'auteur ? Philippe Lejeune
17%
Qui écrit l'Espèce humaine en 1947, qui témoigne de la violence des camps ? Robert Antelme
17%
Quel film celui-ci a d'ailleurs réalisé ? Shoah
17%
Date de publication de Gargantua 1534
14%
Quelle est sa date de publication ? 1555
14%
Date de publication des Essais de Montaigne 1580
14%
Date de création de cette oeuvre 1912
14%
Quelle est l'année de sa sortie ? 1976
14%
L'écriture de cette auteure est comme épurée, lente. C'est une écriture... Blanche
14%
Essai littéraire dans lequel Madame de Staël célèbre la sensibilité romantique pour laquelle l'âme résonne avec la nature. De l'Allemagne
14%
Qui a ensuite écrit Prométhée enchaîné ? Eschyle
14%
Fauvisme
14%
Dans quelle oeuvre ? Fils
14%
Quel auteur tchèque mort de tuberculose a exprimé son moi en crise dans Journal ? Franz Kafka
14%
Futurisme
14%
Historique
14%
Quel roman de science-fiction décrit l'histoire de robots que l'on appelle AA, Amis Artificiels ? Klara et le soleil
14%
Quel est le titre de l'oeuvre autobiographique de Michel Leiris dans laquelle il tente de trouver qui il est, de résoudre l'énigme du moi à travers l'autodérision ? L'âge d'Homme
14%
Récit autobiographique d'un adolescent déporté à Auschwitz, écrit par Elie Wiesel La Nuit
14%
Citation des Contemplations : "Marchands de grec, marchands de ..." Latin
14%
Le moi selon ce philosophe, est épuré, presque abstrait. Il repose non pas sur la sensibilité ou l'empirisme mais sur leur inverse : Le rationalisme
14%
Oeuvre de Rousseau dans laquelle il fait l'expérience mystique d'exister. Les rêveries du promeneur solitaire
14%
Dans quel roman un pêcheur traque sans relâche un poisson en s'épuisant, se dévitalisant, en transgressant sa finitude ? Le vieil homme et la mer
14%
Personnage shakespearien déshumanisé, guidé par une folie destructrice et des pulsions thanatogènes. Macbeth
14%
Auteur d'Hymnes à la Nuit, dans lesquelles il exprime une sensibilité douloureuse du deuil de sa bien-aimée Sophie von Kühn. Novalis
14%
Quel adjectif utilise-t-on pour évoquer un retour sur soi-même ? rétrospectif
14%
Mot portugais qui exprime le mélange de mélancolie, de nostalgie et de tristesse, le mal du siècle. Saudade
14%
Quel est l'auteur à l'origine de sa création ? Serge Doubrovsky
14%
Quels sont les trois types de catastrophe ? Technologique
14%
Date de publication de celui-ci. 1830
10%
En quelle année cette oeuvre est-elle publiée ? 1939
10%
Date de publication de cette oeuvre 1992
10%
L'écriture de Marguerite Duras se caractérise par une "écriture de l'..." absence
10%
Quel réalisateur a mis en scène ce récit ? Alain Resnais
10%
Quelle auteure a écrit des journaux intimes de son adolescence jusqu'à sa mort ? Anaïs Nine
10%
Quel tableau de Paul Klee représentant un ange semble "avoir le visage tourné vers le passé" selon Walter Benjamin ? Angelus Novus
10%
Art Naïf
10%
Dans quelle oeuvre ? De l'abjection
10%
Quel poème Ronsard écrit-il en sentant sa mort arriver ? Derniers vers
10%
Montaigne : "Ma raison erre, ma raison..." divague
10%
Dans cette même oeuvre, Gabriel développe sa sensibilité par la lecture accrue de livres qu'il emprunte à une vielle voisine grecque, dont le nom est Economopoulos
10%
Comment appelle-t-on l'écriture des rescapés des camps de la Seconde Guerre Mondiale ? Écriture concentrationnaire
10%
Quel personnage empoisonne Tante Phasie chaque jour à petite dose ? Jacques Lantier
10%
Quel poème connu de Louise Labé s'inscrit dans la dualité d'un moi brisé ? Je vis je meurs
10%
Quel film J. Rivette critique-t-il quant à la représentation esthétique des camps ? Kapo
10%
Quel poème d'Henri Michaux décrit une guerre avec des mots qui n'existent pas dans la langue française ? Le Grand Combat
10%
Quelle photographie célèbre d'un enfant sur son pupitre à l'école est prise par Robert Doisneau en 1956 ? L'information scolaire
10%
Ce roman raconte lui aussi une catastrophe naturelle, laquelle ? Mega-feux
10%
Pascal : "L'homme est plein de besoins, de contradictions, de..." misères
10%
Quelle oeuvre primordiale cet auteur a-t-il écrit sur les camps de Mauthausen ? Nuit et Brouillard
10%
Remplissez la citation : "Qui est ... ? Le Bourreau ? Le garde ? Le docteur ? Vous ? Moi ?" Responsable
10%
Auteur du livre Le vieux qui lisait des romans d'amour Sepulvedà
10%
Quelle auteur ukrainienne recueille les témoignages de cette catastrophe technologique après l'apocalypse ? Svetlana Alexievitch
10%
Qui écrit Histoire de la guerre de Péloponnèse vers 400 av. J-C ? Thucydide
10%
En quelle année ? 1586
7%
En quelle année ce roman est-il publié ? 1890
7%
En quelle année ? 1956
7%
Quel est l'auteur-dessinateur de la bande dessinée MAUS ? Art Spiegelman
7%
En allemand, c'est Nacht und Nebel : NN. A qui donnait-on ce nom ? Déportés
7%
Qui est le réalisateur du film d'animation La Tortue Rouge ? Dukok de Wit
7%
Comment appelle-t-on l'écriture concentrationnaire, terme né de Jean Cayrol écriture lazaréenne
7%
Quel est le mot désignant la fin ontologique de l'Homme, sa mortalité et la limite de son action ? Finitude
7%
Qui est le réalisateur de la Zone d'Intérêt sorti en 2023 ? Glazer
7%
Quel est le théoricien de la "responsabilité collective" face aux nouveaux enjeux climatiques et aux menaces de la technique ? Hans Jonas
7%
Quelle œuvre de Giorgio Agamben décrit-elle la déshumanisation, l'homme qu'on peut tuer sans que cela soit un meurtre ? Homo Sacer
7%
Qui est l'auteure du roman Il pleuvait des oiseaux, sorti en 2013 ? Jocelyne Saucier
7%
Roland Barthes écrit lui aussi un journal en 2009, qu'il écrit après la mort de sa mère. Le moi est pulvérisé, déchiré. Quel est le titre de cette oeuvre ? Journal de deuil
7%
Qui en est l'auteur ? Kazuo Ishiguro
7%
Comment Joséphine, dans le roman, nomme-t-elle cet ouragan ? La chienne
7%
Récit de Christian Bobin qui veut nous apprendre à habiter le monde poétiquement dans la beauté de l'invisible. Le plâtrier siffleur
7%
Pour quel philosophe le visage est-il le fondement de l'humanité, le médiateur de la relation à autrui ? Levinas
7%
Quel auteur français fait une définition de la limite en 2012 ? Michel Tozzi
7%
Cet auteur montre que le moi est changeant, multiple, en mouvement. Il soutient donc un mouvement qu'Heraclite et Protagoras partagent également, le : Mobilisme universel
7%
Sophocle lui aussi, écrit, dans une tragédie grecque, l'épidémie de Thèbes. Quelle est son oeuvre ? Oedipe-Roi
7%
Qui est le théoricien du concept de mémoire obligée, de devoir de mémoire, d’éthique de témoignage ? Paul Ricoeur
7%
Un philosophe originaire de Péloponnèse au IIIe siècle av. J-C affirme que l'homme n'a pas de fond immobile. Quel est son nom ? Pyrrhon
7%
Personnage de Crimes et Chatiments de Dostoievski. Raskolikov
7%
Un critique littéraire, dans son oeuvre Fragments du discours amoureux, affirme que le moi qui parle du désir est vulnérable. Quel est son nom ? Roland Barthes
7%
Auteur de Obermann, qui est publié en 1804, dont le personnage retrouve dans les paysages de Fontainebleau le miroir de son âme et sa sensibilité profonde. Senacour
7%
Quel est le nom de l'autre ouvrage fondateur de la littérature, attribué à Homère lui aussi ? Ulysse
7%
Quel peintre a peint la bataille de Verdun sans que l'on n'y puisse voir aucun Homme ? Vallodon
7%
En quelle année Giono écrit-t-il L'homme qui plantait des arbres ? 1953
3%
Quel est le théoricien de l'autolimitation ? Castoriadis
3%
Qui écrit l'Univers concentrationnaire en 1946 ? David Rousset
3%
Quel philosophe théorise le retour de la barbarie au XXIe siècle ? Delpech
3%
Quel est le nom de cet homme ? Elzéard Bouffier
3%
Qui écrit Prométhée au VII siècle av. J-C ? Hésiode
3%
Quel film de 2024 réalisé par M. Hazanavicius met en scène le train qui déporte les juifs jusqu'aux camps, laissant derrière lui un nouveau-né ? La plus précieuse des machandises
3%
Qui écrit Ouragan, en 2010, récit du cyclone Katrina venu envahir plusieurs états du Sud de Etats-Unis ? Laurent Gaudé
3%
Quelle oeuvre de Philippe Lançon, survivant des attentats de Charlie Hebdo, raconte ses traumatismes physiques et moraux ? Le lambeau
3%
Quel philosophe français affirme que l'écriture nait de l'impossible ? Maurice Blanchot
3%
Aucun quiz correspondant
Distribution des résultats
% des personnes avec chaque résultat
Percentile par nombre de réponses
Votre historique - résultats
Vous n’avez pas pris ce quiz